Hamit Zübeyr, İshak Refet, Anadilden derlemeler. Ankara, 1932 könyvismertetés /

Elmentve itt :
Bibliográfiai részletek
Szerző: Németh Gyula
További közreműködők: Koșaz Hamit Zübeyr
Refet Ishak
Dokumentumtípus: Cikk
Megjelent: Magyar Tudományos Akadémia Budapest 1935
Sorozat:Nyelvtudományi közlemények : a Magyar Tudományos Akadémia Nyelvtudományi Intézetének folyóirata
Kulcsszavak:Nyelvjárás - török szótár - könyvismertetés
Tárgyszavak:
Online Access:http://misc.bibl.u-szeged.hu/64061
LEADER 01004nab a2200253 i 4500
001 misc64061
005 20230426141914.0
008 221206s1935 hu o 0|| hun d
040 |a SZTE Miscellanea Repozitórium  |b hun 
041 |a hun 
100 1 |a Németh Gyula 
245 1 0 |a Hamit Zübeyr, İshak Refet, Anadilden derlemeler. Ankara, 1932   |h [elektronikus dokumentum] :  |b könyvismertetés /  |c  Németh Gyula 
260 |a Magyar Tudományos Akadémia  |b Budapest  |c 1935 
300 |a 397-398  |c 30 cm 
300 |a [2] p.  |c 30 cm 
490 0 |a Nyelvtudományi közlemények : a Magyar Tudományos Akadémia Nyelvtudományi Intézetének folyóirata 
561 |a Németh Gyula hagyaték 
591 |a NOA 4237 
650 4 |a Bölcsészettudományok 
650 4 |a Nyelvek és irodalom 
695 |a Nyelvjárás - török szótár - könyvismertetés 
700 0 1 |a Koșaz Hamit Zübeyr 
700 0 1 |a Refet Ishak 
856 4 0 |u http://misc.bibl.u-szeged.hu/64061/1/4237_noa.pdf  |z Dokumentum-elérés